LEADER 01060nam a2200241 a 4500 001 000000112466 003 CaOOAMICUS 005 20080709110035.0 008 080709s2006 it m 001 0 ita d 040 $aPUL$bita$dMCT 041 0 $aita$aheb 100 1 $aPinto, Sebastiano,$csac.,$d1973-$0(OLS)http://pul/name/69323 245 11$a"Ascolta figlio" :$bautorità e antropologia dell'insegnamento in Prv 1-9 /$cSebastiano Pinto. 260 $aRoma :$b[s.n.],$c2006. 300 $a383 p. ;$c24 cm 504 $aBibliografia (pp. [337]-353) e indici. 520 $aDissertazione: Pontificia Universitas Gregoriana. Facultas theologiae, Roma, 2006. 630 04$aBiblia.$pV.T.$pProverbia$xCommenti.$0(OLS)http://pul/subject/634 850 $aPUL 852 $aPUL$W1$xDP1 Tesi Pon. Univ. Gregoriana$y40$m2006 B 60$j128670$qTesi$B127613$CPULBib$Z2$F127613 $82 941 1 $a16 996 $6245$a"Ascolta figlio" :$bautorità e antropologia dell'insegnamento in Prv 1-9$9(OLS)http://pul/title/141349 996 $6260$aRoma :$b[s.n.]$9(OLS)http://pul/publisher/47958 LEADER 01445nam a2200301 u 4500 001 000000112429 003 CaOOAMICUS 005 20080708150618.0 008 080708s2008 it u000 u ita u 020 $z978-88-10-45005-5* 040 $aPUL$bita$dLDB 100 1 $aCastellucci, Erio,$cvescovo di Carpi,$d1960-$0(OLS)http://pul/name/54127 245 10$aAnnunciare Cristo alle genti :$bla missione dei cristiani nell'orizzonte del dialogo tra le religioni /$cErio Castellucci. 260 $aBologna :$bEDB,$c2008. 300 $a193 p. ;$c24 cm. 490 1 $aBiblioteca di Teologia dell'Evangelizzazione ;$v05 504 $aBibliografia : p. 175-190. 650 14$aCristianesimo e altre religioni.$0(OLS)http://pul/subject/268 650 14$aEvangelizzazione.$0(OLS)http://pul/subject/1355 700 1 $aSimone, Michele,$cS.I.,$b1943-2014.$0(OLS)http://pul/name/69300 830 0$aBiblioteca di Teologia dell'Evangelizzazione ;$v05.$0(OLS)http://pul/title/115988 850 $aPUL 852 $aPUL$W1$xSL Religione 3$y85$m269 CASER 1$j128638$qDDC 21$B127577$CPULBib$Z2$F127577 $H107803 $82 941 1 $a9 983 0$aBTE. 996 $6020$z978-88-10-45005-5*$9(OLS)http://pul/number/138338 996 $6245$aAnnunciare Cristo alle genti :$bla missione dei cristiani nell'orizzonte del dialogo tra le religioni$9(OLS)http://pul/title/141297 996 $6260$aBologna :$bEDB$9(OLS)http://pul/publisher/56073